000 00320nam a22001337a 4500
008 250506b |||||||| |||| 00| 0 eng d
020 _a0451404327
050 _aPS3553.0843
_b.C68
100 _aCoulter Catherine
245 _aThe Rebel Bride
260 _aNew York
_bPenguin group
_c1994
300 _a377p.
942 _cBK
999 _c3309
_d3309